<?xml version="1.0" encoding="UTF-8"?>
<collection xmlns="http://www.loc.gov/MARC21/slim">
 <record>
  <leader>00759nmm a2200169 a 4500</leader>
  <controlfield tag="001">1/33274</controlfield>
  <controlfield tag="008">070906s2005    gr     g   ua       gre d</controlfield>
  <datafield tag="035" ind1=" " ind2=" ">
   <subfield code="l">35689</subfield>
  </datafield>
  <datafield tag="040" ind1=" " ind2=" ">
   <subfield code="a">GR-PeUP</subfield>
  </datafield>
  <datafield tag="082" ind1="0" ind2="0">
   <subfield code="a">CD-ROM 332.1 ΓΙΑ</subfield>
  </datafield>
  <datafield tag="245" ind1="0" ind2="0">
   <subfield code="a">Γιατί να γράφετε επιταγές;</subfield>
   <subfield code="h">[αρχείο Η/Υ] :</subfield>
   <subfield code="b">... όταν μπορείτε να τις τυπώνετε.</subfield>
  </datafield>
  <datafield tag="260" ind1=" " ind2=" ">
   <subfield code="a">Αθήνα :</subfield>
   <subfield code="b">Qualisys,</subfield>
   <subfield code="c">2005.</subfield>
  </datafield>
  <datafield tag="300" ind1=" " ind2=" ">
   <subfield code="a">1 οπτικό δίσκο Η/Υ:</subfield>
   <subfield code="b">εγχρ. ;</subfield>
   <subfield code="c">4 3/4 in</subfield>
  </datafield>
  <datafield tag="538" ind1=" " ind2=" ">
   <subfield code="a">Ελάχιστες απαιτήσεις συστήματος: Windows 2000/XP/2003.</subfield>
  </datafield>
  <datafield tag="650" ind1=" " ind2="4">
   <subfield code="a">CD-ROMs.</subfield>
  </datafield>
  <datafield tag="650" ind1=" " ind2="4">
   <subfield code="a">Επιταγές</subfield>
   <subfield code="x">CD-ROMs.</subfield>
  </datafield>
  <datafield tag="852" ind1=" " ind2=" ">
   <subfield code="a">INST</subfield>
   <subfield code="b">UNIPILB</subfield>
   <subfield code="c">MMEDIA</subfield>
   <subfield code="e">20070914</subfield>
   <subfield code="h">CD-ROM 332.1 ΓΙΑ</subfield>
   <subfield code="p">00153186</subfield>
   <subfield code="q">00153186</subfield>
   <subfield code="t">NOLOAN</subfield>
   <subfield code="y">4</subfield>
   <subfield code="x">20120326</subfield>
   <subfield code="4">1</subfield>
  </datafield>
 </record>
</collection>
